Представление документа в формате RUSMARC

ПолеНазваниеЗначение
  Тип записи a
  Библиографический уровень a
001 Контрольный номер RU/CBS_UL/BASE/1fb65c7f9471477b9f719979cbc08f2c
005 Дата корректировки 20230913154519.3
100 Данные общей обработки __
a Данные общей обработки 20230913 ||| 0rusy0189 ca
101 Язык документа 0_
a Язык текста rus
102 Страна публикации __
a Страна публикации RU
200 Заглавие и сведения об ответственности 1_
a Заглавие За служении России...
e Сведения, относящиеся к заглавию [Джакомо Кваренги - архитектор, рисовальщик, акварелист итальянского происхождения, один из самых ярких представителей палладианства в русской архитектуре]
f Первые сведения об ответственности А. Ралот
300 Общие примечания __
a Общие примечания 12+
461 Уровень набора _0
1 2000
a Смена
463 Уровень физической единицы _0
1 2000
a № 7
v С. 12-15
1 2101
d 2023
1 001RU/CBS_UL/BASE/e386a93def544e40aab2eebf4bcfa6a2
600 Персоналии _1
a Персоналии (Фамилия) Кваренги
b Персоналии (Имя, инициалы) Д.
606 Тематические рубрики 0_
a Основная рубрика Кваренги, Джакомо (1744-1817)
610 Ключевые слова 0_
a Ключевые слова архитекторы
610 Ключевые слова 0_
a Ключевые слова итальянские архитекторы
610 Ключевые слова 0_
a Ключевые слова акварелисты
610 Ключевые слова 0_
a Ключевые слова художники
686 Индексы других классификаций __
a Классификационный индекс 85.143(2)
700 Автор _1
a Фамилия Ралот
b Имя (инициалы) А.
801 Источник записи _0
a Страна RU
b Организация МБУК ЦБС г. Ульяновска
c Дата составления 20230913
g Правила каталогизации RCR
801 Источник записи _1
a Страна RU
b Организация МБУК ЦБС г. Ульяновска
c Дата составления 20230913
g Правила каталогизации RCR
901 Тип документа __
t Тип документа b
w Контрольный № источника RU/CBS_UL/BASE/e386a93def544e40aab2eebf4bcfa6a2